K Krishnamurthy The Indian Act/ (Record no. 199093)

MARC details
000 -LEADER
fixed length control field 00653nam a22001937a 4500
005 - DATE AND TIME OF LATEST TRANSACTION
control field 20231115144713.0
010 ## - LCCN (DPL NO)
LC control number ENG-138392
020 ## - INTERNATIONAL STANDARD BOOK NUMBER
Terms of availability 3995.00
International Standard Book Number 9789391211530
035 ## - SYSTEM CONTROL NUMBER
System control number EN-121924
037 ## - SOURCE OF ACQUISITION
Source of stock number/acquisition DBAD
082 ## - DEWEY DECIMAL CLASSIFICATION NUMBER
Classification number 336.272
Edition number Thirteenth
100 ## - MAIN ENTRY--PERSONAL NAME
Personal name Kataria, S.K
245 ## - TITLE STATEMENT
Title K Krishnamurthy The Indian Act/
Statement of responsibility, etc By S.K Kataria
Medium English
250 ## - EDITION STATEMENT
Edition statement Thirteenth
260 ## - PUBLICATION, DISTRIBUTION, ETC. (IMPRINT)
Place of publication, distribution, etc Gurgaon
Name of publisher, distributor, etc Lexis Nexis
Date of publication, distribution, etc 2021
270 ## - ADDRESS
Address 14thn Floor, Building No 10, Tower-B, DLF Cyber City, Phase-II
City Haryana
Postal code 122002
Telephone number 911244774444
Electronic mail address help.in@lexisnexis.com
Fax number 911244774100
300 ## - PHYSICAL DESCRIPTION
Extent vp.
Dimensions 25cm(hbk)
942 ## - ADDED ENTRY ELEMENTS (KOHA)
Source of classification or shelving scheme Dewey Decimal Classification
Item type English Books
Classification part 336.272
Call number suffix KAT
Holdings
Withdrawn status Lost status Not for loan Collection code Home library Current library Date acquired Source of acquisition Cost, normal purchase price Full call number Barcode Copy number Cost, replacement price Koha item type
    Not For Loan Reference Bawana Bawana 15/11/2023 DBAD/PUB 3995.00 336.272 KAT EN-121924 1 3995.00 English Books

© Delhi Public Library
Hit Counter
free hit counter